000 00574nam a2200205Ia 4500
003 GCL
008 140319s9999 xx 000 0 ara d
040 _aGCL /
_cGCL
082 0 4 _aط
_b813.087
_bد س
100 1 _aديزنى، والت
245 1 0 _aسندريلا /
_cديزنى، والت
260 _a[S.N] :
_bدار المعارف
300 _a36 ص
490 _aقصص علمية
_v0
650 0 4 _aالاطفال
650 0 4 _aالقصص الانجليزية
650 0 4 _aقصص الاطفال
650 0 4 _aالقصص الخرافية
942 _2ddc
_cBK
999 _c34450
_d34450